<?xml version="1.0" encoding="UTF-8"?>
<record
    xmlns:xsi="http://www.w3.org/2001/XMLSchema-instance"
    xsi:schemaLocation="http://www.loc.gov/MARC21/slim http://www.loc.gov/standards/marcxml/schema/MARC21slim.xsd"
    xmlns="http://www.loc.gov/MARC21/slim">

  <leader>01768nam a22001937a 4500</leader>
  <controlfield tag="008">250702b        |||||||| |||| 00| 0 eng d</controlfield>
  <datafield tag="020" ind1=" " ind2=" ">
    <subfield code="a">9781398618572</subfield>
  </datafield>
  <datafield tag="040" ind1=" " ind2=" ">
    <subfield code="c">tbs</subfield>
  </datafield>
  <datafield tag="041" ind1=" " ind2=" ">
    <subfield code="a">eng</subfield>
  </datafield>
  <datafield tag="050" ind1=" " ind2=" ">
    <subfield code="a">HF5415.1255 </subfield>
    <subfield code="b">.G46 2025</subfield>
  </datafield>
  <datafield tag="100" ind1=" " ind2=" ">
    <subfield code="a">Geoghegan, Andrew</subfield>
    <subfield code="9">25625</subfield>
    <subfield code="e">author</subfield>
  </datafield>
  <datafield tag="245" ind1=" " ind2=" ">
    <subfield code="a">Effective brand building </subfield>
    <subfield code="b">: unlock growth with strategy, insights, and measurement </subfield>
    <subfield code="c">/ Andrew Geoghegan.</subfield>
  </datafield>
  <datafield tag="260" ind1=" " ind2=" ">
    <subfield code="a">London : </subfield>
    <subfield code="b">Kogan Page,</subfield>
    <subfield code="c">2025.</subfield>
  </datafield>
  <datafield tag="300" ind1=" " ind2=" ">
    <subfield code="a">245 pages :</subfield>
    <subfield code="b">illustrations ;</subfield>
    <subfield code="c">24 cm.</subfield>
  </datafield>
  <datafield tag="520" ind1=" " ind2=" ">
    <subfield code="a">Investment and focus on brand building skills have diminished across the marketing industry in recent years. But without the knowledge and understanding of how to build strong brands, marketers end up jumping between short-term tactics and struggle to deliver reliable, long-term growth.

Effective Brand Building is here to change that. It provides practical, everyday wisdom in how to drive effective growth for brands for the long and short term, in synch with broader organizational goals and business processes. From award-winning marketer and columnist for Marketing Week, Andrew Geoghegan, this book is the ultimate guide to developing the skills and knowledge you need to create a brand building strategy that delivers growth. Containing best practice frameworks, tools, and approaches to measurement, this book enables marketers to create repeatable results and maximize their return on investment.

With real-world examples from businesses such as McDonald's, Mondelez, Apple, and Unilever, this book will help marketers ask the right questions in order to create the best conditions in their businesses for effective brand building.</subfield>
  </datafield>
  <datafield tag="650" ind1=" " ind2="0">
    <subfield code="a">Branding (Marketing)</subfield>
    <subfield code="9">6284</subfield>
  </datafield>
  <datafield tag="650" ind1=" " ind2="0">
    <subfield code="a">Brand name products </subfield>
    <subfield code="x">Management</subfield>
    <subfield code="9">2369</subfield>
  </datafield>
  <datafield tag="942" ind1=" " ind2=" ">
    <subfield code="2">lcc</subfield>
  </datafield>
  <datafield tag="952" ind1=" " ind2=" ">
    <subfield code="0">0</subfield>
    <subfield code="1">0</subfield>
    <subfield code="2">lcc</subfield>
    <subfield code="4">0</subfield>
    <subfield code="7">0</subfield>
    <subfield code="a">TBS</subfield>
    <subfield code="b">TBS</subfield>
    <subfield code="d">2025-07-02</subfield>
    <subfield code="l">1</subfield>
    <subfield code="o">HF5415.1255 GEO</subfield>
    <subfield code="p">B05746</subfield>
    <subfield code="r">2026-02-25</subfield>
    <subfield code="s">2026-02-19</subfield>
    <subfield code="t">1</subfield>
    <subfield code="w">2025-07-02</subfield>
    <subfield code="y">1</subfield>
  </datafield>
  <datafield tag="999" ind1=" " ind2=" ">
    <subfield code="c">4809</subfield>
    <subfield code="d">4809</subfield>
  </datafield>
</record>
